000 00790nam a2200241Ia 4500
003 GCL
008 140319s9999 xx 000 0 ara d
020 _a8282201977
040 _aGCL /
_cGCL
082 0 4 _aق
_b932.071
_bا ا
100 1 _aالدريد ، سيريل
245 1 0 _aاخناتون /
_cالدريد ، سيريل
700 1 _aمحمود ماهر طه
700 1 _aاحمد زهير امين
260 _aالقاهرة :
_bالهيئة المصرية العامة للكتاب ،
_c1992
300 _a246 ص ؛
_c24 سم
490 _aالالف كتاب الثانى
_v100
650 0 4 _aالحضارة الفرعونية
650 0 4 _aالفن المصرى القديم
650 0 4 _aمصر الفرعونية
650 0 4 _aاخناتون
942 _2ddc
_cBK
999 _c52532
_d52532